Click the false one - Statistics

General Stats
  • This quiz has been taken 39 times
    37 since last reset
  • The average score is 6 of 15
Answer Stats
Question Answer % Correct
Countries in Oceania East Timor
92%
Cities in Netherlands Brugge
67%
Form of Christianity Confucianism
67%
A Country that has won the Euros England
58%
A vegetable Lemon
58%
Number in the table of 14 186
42%
A country with an army Costa Rica
42%
A Elvis Presley Song I'm Still in love with you
42%
Formule 1 champion Valtteri Bottas
33%
More then 100 million population Vietnam
33%
Club with more than 4 Champions League Man United
25%
USA state with less than 1 million inhabitants Montana
25%
A biodeverse country Phillipines
25%
A NFL team New York Yankees
17%
With a higher HDI than 0.750 South Africa
17%
No matching quizzes found
Score Distribution
Percent of People with Each Score
Percentile by Number Answered
Your Score History
You have not taken this quiz since the last reset